Die neutralen und Deutschland; (Record no. 89879)

MARC details
000 -LEADER
fixed length control field 00777cam a22002531 4500
001 - CONTROL NUMBER
control field sd 41000080
003 - CONTROL NUMBER IDENTIFIER
control field DLC
005 - DATE AND TIME OF LATEST TRANSACTION
control field 20260227112734.0
008 - FIXED-LENGTH DATA ELEMENTS--GENERAL INFORMATION
fixed length control field 920709s1940 gw b 000 0 ger c
010 ## - LIBRARY OF CONGRESS CONTROL NUMBER
LC control number sd 41000080
035 ## - SYSTEM CONTROL NUMBER
System control number (OCoLC)26158124
040 ## - CATALOGING SOURCE
Original cataloging agency U.S. Dept. of state. Libr.
Transcribing agency CU
Modifying agency CU
-- DLC
042 ## - AUTHENTICATION CODE
Authentication code premarc
050 00 - LIBRARY OF CONGRESS CALL NUMBER
Classification number JA44
Item number .B37
082 ## - DEWEY DECIMAL CLASSIFICATION NUMBER
Classification number 940.325
100 1# - MAIN ENTRY--PERSONAL NAME
Personal name Rogge, Heinrich,
Dates associated with a name 1886-
245 14 - TITLE STATEMENT
Title Die neutralen und Deutschland;
Remainder of title vom wesen der neutralität,
Statement of responsibility, etc. von dr. Heinrich Rogge ...
260 ## - PUBLICATION, DISTRIBUTION, ETC.
Place of publication, distribution, etc. Berlin,
Name of publisher, distributor, etc. Junker und Dünnhaupt,
Date of publication, distribution, etc. 1940.
300 ## - PHYSICAL DESCRIPTION
Extent 40 p.
Dimensions 24 cm.
440 #0 - SERIES STATEMENT/ADDED ENTRY--TITLE
Title Schriften für politik und auslandskunde,
Volume/sequential designation hft. 54
504 ## - BIBLIOGRAPHY, ETC. NOTE
Bibliography, etc. note "Zum schrifttum" : p. 39-40.
650 #0 - SUBJECT ADDED ENTRY--TOPICAL TERM
Topical term or geographic name entry element Neutrality.
650 #0 - SUBJECT ADDED ENTRY--TOPICAL TERM
Topical term or geographic name entry element World War, 1939-1945.

No items available.

Powered by Koha